书目信息 |
| 题名: |
全成都吃喝玩乐情报书
|
|
| 作者: | ;《玩乐疯》编辑部 编著 | |
| 分册: | ||
| 出版信息: | 北京 中国铁道出版社 2009 |
|
| 页数: | 229页 | |
| 开本: | 21cm | |
| 丛书名: | ||
| 单 册: | ||
| 中图分类: | K928.971.1 | |
| 科图分类: | ||
| 主题词: | 导游--成都市 , 导游 | |
| 电子资源: | ||
| ISBN: | 978-7-113-10614-0 | |
| 000 | 00919nam0 2200253 45 | |
| 001 | 1034546069 | |
| 005 | 20100318095712.59 | |
| 010 | @a978-7-113-10614-0@dCNY32.80 | |
| 100 | @a20100312d2009 em y0chiy0121 ea | |
| 101 | 0 | @achi |
| 102 | @aCN@b110000 | |
| 105 | @aa z 000yy | |
| 106 | @ar | |
| 200 | 1 | @a全成都吃喝玩乐情报书@AQuan Cheng Dou Chi He Wan Le Qing Bao Shu@e2010年全彩版@E2010 Nian Quan Cai Ban@f《玩乐疯》编辑部编著@F《 Wan Le Feng》 Bian Ji Bu Bian Zhu |
| 210 | @a北京@c中国铁道出版社@d2009 | |
| 215 | @a229页@c图@d21cm | |
| 300 | @a玩乐疯 | |
| 330 | @a本书内容包括:成都美食情报;成都酒吧情报;成都茶馆情报;成都淘宝逛街情报;成都娱乐情报;成都休闲健身情报;成都旅游情报等。 | |
| 606 | 0 | @a导游@y成都市 |
| 606 | 0 | @a导游 |
| 690 | @aK928.971.1@v4 | |
| 711 | 02 | @a《玩乐疯》编辑部@A《 Wan Le Feng》 Bian Ji Bu@4编著 |
| 801 | 0 | @aCN@bTANGWEI@c20100318 |
| 905 | @b0586138-40@dK928.971.1@e532@f3 | |
| 全成都吃喝玩乐情报书:2010年全彩版/《玩乐疯》编辑部编著.-北京:中国铁道出版社,2009 |
| 229页:图;21cm |
| 玩乐疯 |
| ISBN 978-7-113-10614-0:CNY32.80 |
| 本书内容包括:成都美食情报;成都酒吧情报;成都茶馆情报;成都淘宝逛街情报;成都娱乐情报;成都休闲健身情报;成都旅游情报等。 |
| ● |
| 相关链接 |
|
|
|
|
正题名:全成都吃喝玩乐情报书
索取号:K928.971.1/532
 
预约/预借
| 序号 | 登录号 | 条形码 | 馆藏地/架位号 | 状态 | 备注 |
| 1 | 0586138 | 205861389 | 第二样本阅览室/ [索取号:K928.971.1/532] | 在馆 | |
| 2 | 0586139 | 205861398 | 密集书库-海洋学院/ [索取号:K928.971.1/532] | 在馆 | |
| 3 | 0586140 | 205861405 | 第二借阅区/ [索取号:K928.971.1/532] | 在馆 |